Orientácia a ciele

Dlhodobé úlohy a ciele zahraničnej politiky Slovenska, ktoré predniesol minister zahraničných vecí J. Schenk na 11. schôdzi NR SR. Proces integrácie do európskych a transatlantických štruktúr. Vstup Slovenska do EÚ. Otázky rozširovania EÚ a definovanie nového riadiaceho mechanizmu. Aktivity slovensk...

Ausführliche Beschreibung

Gespeichert in:
Bibliographische Detailangaben
1. Verfasser: Schenk, J.
Format: Buchkapitel
Sprache:Slowakisch
Schlagworte:
Tags: Tag hinzufügen
Keine Tags, Fügen Sie das erste Tag hinzu!

MARC

LEADER 00000naa a2200000 4500
001 r019385
005 20221205103301.4
041 0 |a slo 
044 |a SK 
245 1 0 |a Orientácia a ciele  |c J. Schenk 
520 |a Dlhodobé úlohy a ciele zahraničnej politiky Slovenska, ktoré predniesol minister zahraničných vecí J. Schenk na 11. schôdzi NR SR. Proces integrácie do európskych a transatlantických štruktúr. Vstup Slovenska do EÚ. Otázky rozširovania EÚ a definovanie nového riadiaceho mechanizmu. Aktivity slovenskej diplomacie. Úsilie Slovenska o vstup do NATO. 
610 2 0 |a politika zahraničná 
610 2 0 |a Slovensko 
610 2 0 |a diplomacia 
610 2 0 |a integrácia ekonomická medzinárodná 
610 2 0 |a Európska únia 
610 2 0 |a NATO 
100 1 |a Schenk, J.